[Event "Bad Woerishofen op"]
[Site "Bad Woerishofen"]
[Date "2000.??.??"]
[Round "2"]
[White "Schenk, Uwe"]
[Black "Fischer, Johann"]
[Result "1/2-1/2"]
[WhiteElo "2152"]
[BlackElo "2362"]
[PlyCount "103"]
[EventDate "1998.03.05"]
[Source "ChessBase"]
[SourceDate "1998.04.29"]

1. c4 c5 2. g3 Nf6 3. Bg2 d5 4. cxd5 Nxd5 5. Nc3 Nc7 6. Nf3 Nc6 7. O-O e5 8.
Ne1 Be7 9. Nd3 f6 10. Bxc6+ bxc6 11. Qa4 Bd7 12. b3 Nb5 13. Bb2 Qb6 14. Rac1
Bf5 15. Ne4 Rd8 16. Qc4 Nd6 17. Nxd6+ Rxd6 18. Nxc5 Qb5 19. d3 Rd5 20. Qxb5
cxb5 21. b4 Bh3 22. Rfd1 Bxc5 23. bxc5 Kf7 24. d4 e4 25. Bc3 Bd7 26. f3 Re8 27.
f4 Re6 28. e3 Ra6 29. Rd2 Bc6 30. Rb2 Ra3 31. Bd2 a5 32. Rc3 Ra4 33. a3 Ke6 34.
Kf2 Rd8 35. Bc1 Kd5 36. Ke1 Rb8 37. Kd2 h5 38. h4 b4 39. Rcb3 Kc4 40. axb4 axb4
41. Rb1 Ra2+ 42. R1b2 Rxb2+ 43. Rxb2 b3 44. Rb1 Ra8 45. Bb2 Ra2 46. Rc1+ Kb4
47. Rb1 Bd5 48. Kc1 Kc4 49. Kd2 Bc6 50. Rc1+ Kb4 51. Rb1 Bb5 52. Kc1 1/2-1/2

[Event "Bad Woerishofen op"]
[Site "?"]
[Date "2000.??.??"]
[Round "3"]
[White "Schenk, Uwe"]
[Black "Loew, Gerald"]
[Result "1/2-1/2"]
[WhiteElo "2147"]
[BlackElo "2305"]
[PlyCount "74"]
[EventDate "2000.??.??"]

1. c4 e5 2. g3 Nf6 3. Bg2 Nc6 4. Nc3 Bc5 5. a3 a6 6. e3 O-O 7. Nge2 Re8 8. O-O
d6 9. b3 Bf5 10. d4 Ba7 11. Bb2 exd4 12. Nxd4 Nxd4 13. exd4 Qc8 14. Nd5 Nxd5
15. Bxd5 Be4 16. Qh5 Bg6 17. Qg5 Qf5 18. Qxf5 Bxf5 19. Rfe1 c6 20. Bf3 Kf8 21.
Bc3 f6 22. Bb4 Bxd4 23. Bxd6+ Kf7 24. Rad1 Rxe1+ 25. Rxe1 Re8 26. Bh5+ g6 27.
Rxe8 Kxe8 28. Bd1 Kd7 29. Bf4 Bd3 30. Kg2 b5 31. cxb5 axb5 32. Kf3 f5 33. Be3
Bb2 34. Bc5 Bc1 35. a4 bxa4 36. bxa4 Bd2 37. Bb3 g5 1/2-1/2

[Event "Bad Woerishofen op"]
[Site "?"]
[Date "2000.??.??"]
[Round "5"]
[White "Schenk, Uwe"]
[Black "Stumpf, Heinz"]
[Result "1/2-1/2"]
[WhiteElo "2147"]
[BlackElo "2285"]
[PlyCount "39"]
[EventDate "2000.??.??"]

1. c4 c6 2. g3 d5 3. Bg2 Nf6 4. Nf3 Bg4 5. Ne5 Bh5 6. cxd5 cxd5 7. Nc3 e6 8.
Qa4+ Nbd7 9. g4 Bg6 10. h4 h6 11. Nxg6 fxg6 12. Qc2 Kf7 13. h5 g5 14. Qg6+ Kg8
15. Nxd5 exd5 16. Bxd5+ Nxd5 17. Qe6+ Kh7 18. Qf5+ Kg8 19. Qxd5+ Kh7 20. Qf5+
1/2-1/2

[Event "Bad Woerishofen op"]
[Site "?"]
[Date "2000.??.??"]
[Round "7"]
[White "Schenk, Uwe"]
[Black "Ries, Berthold"]
[Result "1/2-1/2"]
[WhiteElo "2147"]
[BlackElo "1850"]
[PlyCount "127"]
[EventDate "2000.??.??"]

1. c4 Nf6 2. g3 e6 3. Bg2 d5 4. Nf3 Be7 5. O-O O-O 6. Qc2 c5 7. d4 cxd4 8. Nxd4
Nc6 9. Nxc6 bxc6 10. Rd1 Qb6 11. Nc3 Ba6 12. Be3 Qa5 13. Bd2 Qc7 14. cxd5 cxd5
15. Qa4 Qc4 16. Qxc4 Bxc4 17. b3 Ba6 18. e3 Rac8 19. a3 Rc7 20. b4 Bc4 21. b5
Rfc8 22. a4 Bb3 23. Rdb1 Bc4 24. a5 Nd7 25. Bf1 Bxf1 26. Kxf1 Bf6 27. b6 axb6
28. axb6 Nxb6 29. Rxb6 Bxc3 30. Rc1 g6 31. Bxc3 Rxc3 32. Rxc3 Rxc3 33. Rb7 Kg7
34. Kg2 g5 35. h3 h5 36. g4 hxg4 37. hxg4 Rc4 38. Kf3 d4 39. exd4 Rxd4 40. Kg3
Rf4 41. Ra7 Rb4 42. Rc7 Kg6 43. Rc6 Rb8 44. Ra6 Re8 45. Kf3 f5 46. gxf5+ Kxf5
47. Ra5+ e5 48. Ke3 Rb8 49. f3 Rb3+ 50. Ke2 Rb4 51. Ke3 g4 52. fxg4+ Rxg4 53.
Ke2 Kf4 54. Ra4+ e4 55. Ra3 Rg2+ 56. Ke1 Rb2 57. Rc3 Rb8 58. Ke2 Rh8 59. Ra3
Rh2+ 60. Ke1 Rg2 61. Rb3 Rg3 62. Rxg3 Kxg3 63. Ke2 Kf4 64. Kf2 1/2-1/2

[Event "Bad Woerishofen op"]
[Site "?"]
[Date "2000.??.??"]
[Round "9"]
[White "Schenk, Uwe"]
[Black "Oberhofer, Max"]
[Result "1/2-1/2"]
[WhiteElo "2147"]
[BlackElo "2217"]
[PlyCount "81"]
[EventDate "2000.??.??"]

1. c4 Nf6 2. g3 g6 3. Bg2 Bg7 4. Nc3 O-O 5. d3 d6 6. e4 e5 7. Nge2 Nc6 8. O-O
Be6 9. Nd5 Ne8 10. h3 f5 11. exf5 Rxf5 12. Be3 Qd7 13. Qd2 Nd8 14. Rad1 c6 15.
Ndc3 Rf8 16. Kh2 d5 17. cxd5 cxd5 18. d4 e4 19. Nf4 Nd6 20. b3 Nf5 21. f3 exf3
22. Bxf3 Bf7 23. Nfxd5 Nc6 24. Bg5 Ncxd4 25. Bg2 Bxd5 26. Nxd5 Rae8 27. g4 Re2
28. Qxe2 Nxe2 29. Nf6+ Bxf6 30. Rxd7 Be5+ 31. Bf4 Nxf4 32. gxf5 Ne2+ 33. Kh1
Ng3+ 34. Kg1 Nxf1 35. Bxf1 Rxf5 36. Bc4+ Kh8 37. Rxb7 Bd4+ 38. Kg2 Rf2+ 39. Kg3
Rxa2 40. Rd7 Be5+ 41. Kg4 1/2-1/2

[Event "Bad Woerishofen op"]
[Site "?"]
[Date "2000.??.??"]
[Round "2"]
[White "Schiegg, Peter"]
[Black "Valent, Peter"]
[Result "0-1"]
[WhiteElo "1771"]
[BlackElo "2065"]
[PlyCount "120"]
[EventDate "2000.??.??"]

1. g3 d5 2. Bg2 c6 3. d3 e5 4. Nf3 Bd6 5. O-O Ne7 6. e4 O-O 7. Nc3 d4 8. Ne2
Ng6 9. Ne1 f5 10. f4 fxe4 11. dxe4 Bg4 12. f5 Ne7 13. h3 Bxe2 14. Qxe2 Nd7 15.
g4 c5 16. g5 Nc6 17. Qg4 Kh8 18. g6 Rf6 19. Bg5 Be7 20. Qh5 Nf8 21. Bxf6 Bxf6
22. gxh7 Qe7 23. c4 Bg5 24. Nd3 Nd7 25. Kh1 Be3 26. Rf3 Rf8 27. Rg3 Nf6 28. Qh4
b6 29. Rg6 Qc7 30. Bf3 Bh6 31. Rag1 Nxh7 32. Rxh6 gxh6 33. Qxh6 Rf6 34. Rg6 Qf7
35. Bh5 Ne7 36. Rxf6 Qxf6 37. Bg6 Nxg6 38. Qxg6 Qxg6 39. fxg6 Ng5 40. Nxe5 Nxe4
41. Kg2 Kg7 42. Kf3 Nd6 43. Kf4 d3 44. Ke3 d2 45. Kxd2 Kf6 46. Ke3 Kxe5 47. Kf3
Kf6 48. b3 Kxg6 49. Kf4 Kf6 50. h4 Nf5 51. Ke4 Nxh4 52. Kd5 Nf5 53. Kc6 Ke6 54.
b4 cxb4 55. Kb5 Kd6 56. Kxb4 Kc6 57. a3 a5+ 58. Kb3 Kc5 59. Ka4 Nd6 60. Kb3
Nxc4 0-1

[Event "Bad Woerishofen op"]
[Site "?"]
[Date "2000.??.??"]
[Round "4"]
[White "Schiegg, Peter"]
[Black "Schuetz, Robert"]
[Result "1/2-1/2"]
[WhiteElo "1771"]
[BlackElo "1690"]
[PlyCount "64"]
[EventDate "2000.??.??"]

1. g3 d5 2. Bg2 Nf6 3. d3 Bf5 4. Nf3 e6 5. Nbd2 Be7 6. O-O h6 7. Re1 O-O 8. e4
dxe4 9. dxe4 Nxe4 10. Ne5 Nd6 11. Nf1 c6 12. Qe2 Nd7 13. f4 Nb6 14. c4 Ne8 15.
Rd1 Qc7 16. a4 Rd8 17. Be3 Nf6 18. Rxd8 Rxd8 19. a5 Nbd7 20. Nxd7 Nxd7 21. Bxa7
c5 22. Qf3 Ra8 23. Bb6 Nxb6 24. axb6 Qb8 25. Rxa8 Qxa8 26. Qxb7 Qxb7 27. Bxb7
Bd8 28. Nd2 Bxb6 29. Be4 Bxe4 30. Nxe4 f5 31. Nf2 g5 32. Nd3 Kf8 1/2-1/2

[Event "Bad Woerishofen op"]
[Site "?"]
[Date "2000.??.??"]
[Round "6"]
[White "Schiegg, Peter"]
[Black "Urban, Rudi"]
[Result "1/2-1/2"]
[WhiteElo "1771"]
[BlackElo "2125"]
[PlyCount "81"]
[EventDate "2000.??.??"]

1. Nf3 Nf6 2. g3 d6 3. Bg2 c6 4. d3 Qc7 5. e4 e5 6. O-O Bg4 7. h3 Bxf3 8. Bxf3
Be7 9. Nc3 Nbd7 10. Bg2 h6 11. Be3 O-O 12. f4 b5 13. Qf3 b4 14. Ne2 d5 15. f5
dxe4 16. dxe4 Nc5 17. Bxc5 Bxc5+ 18. Kh2 Rfd8 19. Rad1 Rd7 20. Nc1 Rad8 21.
Rxd7 Rxd7 22. Rd1 Qd8 23. Rxd7 Qxd7 24. Nb3 Bb6 25. Qd3 Qxd3 26. cxd3 a5 27.
Bf3 Kf8 28. Nd2 Ke7 29. Nc4 Bc7 30. Kg2 Nd7 31. Kf2 Nb8 32. Bd1 Na6 33. Ke3 Nc5
34. d4 exd4+ 35. Kxd4 Nd7 36. g4 f6 37. Ba4 Ne5 38. Nxe5 Bxe5+ 39. Kc5 Bxb2 40.
Kxc6 Bc3 41. Bb3 1/2-1/2

[Event "Bad Woerishofen op"]
[Site "?"]
[Date "2000.??.??"]
[Round "8"]
[White "Schiegg, Peter"]
[Black "Taufratshofer, Martin"]
[Result "0-1"]
[WhiteElo "1771"]
[BlackElo "2104"]
[PlyCount "86"]
[EventDate "2000.??.??"]

1. Nf3 d5 2. g3 Nf6 3. Bg2 Bg4 4. h3 Bh5 5. d3 c6 6. Nbd2 Nbd7 7. O-O e5 8. Re1
Bc5 9. e4 dxe4 10. dxe4 O-O 11. c3 Qe7 12. Qe2 Rad8 13. b4 Bb6 14. Nb3 Bg6 15.
Nh2 Nh5 16. Be3 Nhf6 17. Nf1 Bxe3 18. Qxe3 Nb6 19. a4 Ne8 20. a5 Nc8 21. g4 f6
22. Ng3 Ned6 23. Bf1 Bf7 24. Nd2 Rd7 25. c4 Rfd8 26. c5 Nb5 27. Nf5 Qf8 28. Nf3
Ne7 29. Nxe7+ Qxe7 30. a6 Nd4 31. Nxd4 Rxd4 32. Qa3 Rb8 33. Rad1 b6 34. Rxd4
exd4 35. Bd3 h5 36. f4 hxg4 37. hxg4 g6 38. Qc1 bxc5 39. bxc5 Rb3 40. Rd1 Rc3
41. Qb2 Qxc5 42. Qb8+ Kg7 43. Kf2 Rxd3 0-1

[Event "Bad Woerishofen op"]
[Site "?"]
[Date "2000.??.??"]
[Round "2"]
[White "Schiff, Armin"]
[Black "Garnier-Salvi, Vince"]
[Result "1-0"]
[WhiteElo "2045"]
[BlackElo "1740"]
[PlyCount "107"]
[EventDate "2000.??.??"]

1. d4 d5 2. Nf3 c6 3. c3 Nf6 4. Nbd2 g6 5. g3 Bg7 6. Bg2 O-O 7. O-O h6 8. Ne5
Ng4 9. Ndf3 Nf6 10. Ne1 Nbd7 11. N1d3 Nxe5 12. Nxe5 Ng4 13. Nxg4 Bxg4 14. f3
Be6 15. h4 Qd7 16. Kh2 h5 17. Bf4 Bf5 18. Qd2 Kh7 19. Rae1 Be6 20. b3 f5 21.
Rf2 Rac8 22. b4 b6 23. Be3 Qc7 24. Bf1 Bf6 25. Bf4 Qd7 26. e3 Rg8 27. Ba6 Rcf8
28. Bd3 Rc8 29. Rg2 Qb7 30. a4 c5 31. bxc5 bxc5 32. Rb1 Qa8 33. Ba6 Rcf8 34.
Bb7 Qe8 35. Qa2 cxd4 36. cxd4 Qf7 37. Qa3 Bc8 38. Qc5 Bxb7 39. Rxb7 Rc8 40. Qa3
Ra8 41. Rc2 Rgd8 42. Rcc7 Qf8 43. Be5 Kg8 44. Bxf6 exf6 45. Qxf8+ Kxf8 46. Rf7+
Kg8 47. Rg7+ Kf8 48. Rbf7+ Ke8 49. Rxf6 Rdc8 50. Rfxg6 Rc2+ 51. Kg1 Rb8 52.
Rg8+ Kf7 53. R6g7+ Kf6 54. Rxb8 1-0

[Event "Bad Woerishofen op"]
[Site "?"]
[Date "2000.??.??"]
[Round "4"]
[White "Schiff, Armin"]
[Black "Jakobi, Reik"]
[Result "1-0"]
[WhiteElo "2045"]
[BlackElo "1730"]
[PlyCount "107"]
[EventDate "2000.??.??"]

1. d4 d5 2. g3 Bf5 3. Bg2 Nf6 4. c4 e6 5. Qb3 Nc6 6. e3 Bb4+ 7. Bd2 a5 8. a3 a4
9. Qd1 Bxd2+ 10. Nxd2 O-O 11. Rc1 Qd7 12. Ngf3 h6 13. O-O Ra6 14. Re1 Rfa8 15.
Rc3 Rb6 16. Qc1 Ne4 17. Nxe4 Bxe4 18. c5 Rb3 19. Rxb3 axb3 20. Qc3 Bc2 21. Bf1
Na5 22. Rc1 Qa4 23. Ne1 Be4 24. Be2 c6 25. f3 Bg6 26. Kf2 Rb8 27. Qb4 Qxb4 28.
axb4 Nc4 29. Bxc4 dxc4 30. Rxc4 Ra8 31. Rc3 Bc2 32. Nxc2 bxc2 33. Ke2 Ra4 34.
Kd2 Rxb4 35. Kxc2 Ra4 36. Ra3 Rxa3 37. bxa3 Kf8 38. Kc3 Ke7 39. Kc4 f5 40. e4
fxe4 41. fxe4 g5 42. g4 Kd8 43. d5 exd5+ 44. exd5 cxd5+ 45. Kxd5 Kd7 46. a4 Ke7
47. c6 b6 48. Kc4 Kd6 49. Kb5 Kc7 50. h3 Kc8 51. Kxb6 Kb8 52. a5 Kc8 53. a6 Kb8
54. a7+ 1-0

[Event "Bad Woerishofen op"]
[Site "?"]
[Date "2000.??.??"]
[Round "6"]
[White "Schiff, Armin"]
[Black "Rudolph, Peter"]
[Result "1/2-1/2"]
[WhiteElo "2134"]
[BlackElo "2201"]
[PlyCount "54"]
[EventDate "2000.??.??"]

1. d4 c5 2. d5 Nf6 3. Nc3 g6 4. e4 d6 5. Nge2 b5 6. Ng3 b4 7. Nb1 Bg7 8. a3 O-O
9. axb4 cxb4 10. Ra4 a5 11. b3 Nbd7 12. Bd3 Nc5 13. Ra2 h5 14. f3 e6 15. Bc4
exd5 16. exd5 Re8+ 17. Ne2 Qb6 18. Bb2 Ba6 19. Nd2 Nxd5 20. Bxg7 Kxg7 21. Bxd5
Bxe2 22. Qa1+ f6 23. Bxa8 Bxf3+ 24. Kf1 Be2+ 25. Ke1 Bf3+ 26. Kf1 Be2+ 27. Ke1
Bf3+ 1/2-1/2

[Event "Bad Woerishofen op"]
[Site "?"]
[Date "2000.??.??"]
[Round "8"]
[White "Schiff, Armin"]
[Black "Hopfauf, Fridolin"]
[Result "1/2-1/2"]
[WhiteElo "2134"]
[BlackElo "2190"]
[PlyCount "83"]
[EventDate "2000.??.??"]

1. d4 Nf6 2. c4 g6 3. Nc3 Bg7 4. e4 O-O 5. f3 d6 6. Be3 e5 7. d5 c6 8. dxc6
Nxc6 9. Qd2 Be6 10. Bd3 Nd4 11. Nge2 Rc8 12. b3 Nh5 13. O-O f5 14. Rad1 a6 15.
Bb1 Nxe2+ 16. Nxe2 Rc6 17. c5 Qb8 18. exf5 gxf5 19. g4 fxg4 20. fxg4 Rxf1+ 21.
Rxf1 Nf6 22. g5 Nd7 23. Be4 dxc5 24. Bxc6 bxc6 25. Ng3 Bd5 26. Nf5 Bf8 27. Qf2
Qb4 28. Nh6+ Bxh6 29. gxh6 Qg4+ 30. Qg3 Qxg3+ 31. hxg3 c4 32. b4 c3 33. Rc1
Bxa2 34. Rxc3 Bd5 35. g4 Kf7 36. g5 Kg6 37. Ra3 Bc4 38. Bc1 e4 39. Rc3 Ne5 40.
Bf4 Nf3+ 41. Kf2 Bd5 42. Rxf3 1/2-1/2

[Event "Bad Woerishofen op"]
[Site "Bad Woerishofen"]
[Date "2000.??.??"]
[Round "2"]
[White "Schlindwein, Rolf"]
[Black "Popitz, Andreas"]
[Result "0-1"]
[WhiteElo "2447"]
[BlackElo "2177"]
[PlyCount "46"]
[EventDate "1998.03.05"]
[Source "ChessBase"]
[SourceDate "1998.04.29"]

1. d4 d5 2. Bf4 Nf6 3. e3 c5 4. c3 Qb6 5. Qb3 c4 6. Qxb6 axb6 7. Nd2 b5 8. Bxb8
Rxb8 9. h3 Bf5 10. g4 Bg6 11. Bg2 e6 12. Ne2 h6 13. f3 b4 14. e4 b5 15. O-O
bxc3 16. bxc3 Ba3 17. exd5 Nxd5 18. f4 Bd3 19. Bxd5 exd5 20. f5 O-O 21. Rfe1
Bb2 22. Nf4 Bxc3 23. Nxd3 Bxa1 0-1

[Event "Bad Woerishofen op"]
[Site "?"]
[Date "2000.??.??"]
[Round "4"]
[White "Schlindwein, Rolf"]
[Black "Vossenkuhl, Joachim"]
[Result "1-0"]
[WhiteElo "2442"]
[BlackElo "2176"]
[PlyCount "89"]
[EventDate "2000.??.??"]

1. e4 c5 2. Nc3 Nc6 3. g3 g6 4. Bg2 Bg7 5. d3 Rb8 6. Be3 Nd4 7. Qd2 d6 8. Nd1
b5 9. c3 Nc6 10. d4 cxd4 11. cxd4 Qa5 12. Qxa5 Nxa5 13. b3 Nc6 14. Ne2 e6 15.
Rc1 Nge7 16. O-O a5 17. d5 exd5 18. exd5 Nb4 19. Ndc3 Bd7 20. a3 Nd3 21. Ne4
Nxd5 22. Nxd6+ Ke7 23. Rcd1 Nxe3 24. fxe3 Ne5 25. Nxf7 Rhf8 26. Nxe5 Rxf1+ 27.
Bxf1 Bxe5 28. Nf4 a4 29. b4 Bf5 30. Rd5 Bb2 31. Rxb5 Rxb5 32. Bxb5 Bxa3 33.
Bxa4 g5 34. Ne2 Bxb4 35. Nd4 Be4 36. Bc2 Bd2 37. Kf2 Bxc2 38. Nxc2 Ke6 39. Nd4+
Kf6 40. g4 Bc3 41. Ke2 h5 42. h3 hxg4 43. hxg4 Ba5 44. Kd3 Bb6 45. Ke4 1-0

[Event "Bad Woerishofen op"]
[Site "?"]
[Date "2000.??.??"]
[Round "6"]
[White "Schlindwein, Rolf"]
[Black "Saumweber, Walter"]
[Result "1-0"]
[WhiteElo "2447"]
[BlackElo "2212"]
[PlyCount "41"]
[EventDate "2000.??.??"]

1. c4 f5 2. d4 Nf6 3. Nc3 g6 4. h4 Bg7 5. h5 Nc6 6. hxg6 hxg6 7. Rxh8+ Bxh8 8.
Nf3 d6 9. Qd2 Ng4 10. Qg5 Kf7 11. Qh4 Qg8 12. Nd5 Bd7 13. Ng5+ Kf8 14. f3 Nf6
15. Qh6+ Bg7 16. Qxg6 Nxd5 17. cxd5 Qxd5 18. e4 fxe4 19. fxe4 Qa5+ 20. Bd2 Be8
21. Ne6+ 1-0

[Event "Bad Woerishofen op"]
[Site "?"]
[Date "2000.??.??"]
[Round "8"]
[White "Schlindwein, Rolf"]
[Black "Schelle, Artur"]
[Result "1-0"]
[WhiteElo "2447"]
[BlackElo "2127"]
[PlyCount "71"]
[EventDate "2000.??.??"]

1. d4 Nf6 2. Nf3 g6 3. c3 Bg7 4. Bf4 O-O 5. Qc1 d6 6. Bh6 Nc6 7. h4 e5 8. dxe5
Nxe5 9. Nxe5 dxe5 10. Bxg7 Kxg7 11. Qg5 Ng4 12. Na3 f6 13. Qc1 h5 14. f3 Nh6
15. e4 Be6 16. Qe3 Rf7 17. Bc4 Bxc4 18. Nxc4 Rd7 19. Nd2 Rd3 20. Qe2 Qd7 21.
O-O-O Rd8 22. Nc4 Rxd1+ 23. Rxd1 Qxd1+ 24. Qxd1 Rxd1+ 25. Kxd1 Kf7 26. Na5 b6
27. Nc6 a5 28. b4 axb4 29. Nxb4 Ke6 30. Nd5 Kd6 31. Nxf6 b5 32. Kc2 c6 33. c4
Ke7 34. cxb5 cxb5 35. Nd5+ Kd6 36. Kc3 1-0

[Event "Bad Woerishofen op"]
[Site "Bad Woerishofen"]
[Date "2000.??.??"]
[Round "1"]
[White "Schmidt, Thomas"]
[Black "Senk, Christian"]
[Result "1/2-1/2"]
[WhiteElo "1715"]
[BlackElo "2151"]
[PlyCount "84"]
[EventDate "1998.03.05"]
[Source "ChessBase"]
[SourceDate "1998.04.29"]

1. d4 d5 2. Nf3 Nf6 3. e3 c5 4. b3 Qc7 5. Bb2 Nbd7 6. Nbd2 e6 7. c4 Be7 8. Bd3
O-O 9. O-O b6 10. Rc1 Qb8 11. cxd5 Nxd5 12. Ne5 Nxe5 13. dxe5 Rd8 14. Qh5 g6
15. Qe2 Nb4 16. Bb1 Ba6 17. Nc4 Qc7 18. Rfd1 Rd5 19. Qf3 Bxc4 20. bxc4 Rxd1+
21. Rxd1 Rd8 22. Qe2 Nc6 23. f4 Na5 24. Rxd8+ Qxd8 25. Qd3 Kf8 26. Kf2 Ke8 27.
Ke2 Qa8 28. Kf1 Qc6 29. Bc2 a6 30. Bc3 Nb7 31. a4 Qd7 32. Ke2 Qc6 33. Qe4 Kd7
34. g4 a5 35. f5 Qxe4 36. Bxe4 Nd8 37. f6 Bf8 38. h4 Bh6 39. h5 Bg5 40. Be1 Nc6
41. Bxc6+ Kxc6 42. Bg3 Bh6 1/2-1/2

[Event "Bad Woerishofen op"]
[Site "?"]
[Date "2000.??.??"]
[Round "3"]
[White "Schmidt, Thomas"]
[Black "Semmler, Josef"]
[Result "0-1"]
[WhiteElo "1715"]
[BlackElo "1934"]
[PlyCount "110"]
[EventDate "2000.??.??"]

1. d4 Nf6 2. Nf3 e6 3. e3 d5 4. Bd3 c5 5. b3 Nc6 6. Bb2 Bd6 7. Nbd2 O-O 8. O-O
Qc7 9. c4 b6 10. dxc5 Be5 11. cxb6 axb6 12. Nxe5 Nxe5 13. Be2 Bb7 14. cxd5 Nxd5
15. Nc4 Nc6 16. Bd3 f5 17. a3 Rad8 18. Qe2 e5 19. Nd2 Qd7 20. Rfd1 Nxe3 21.
Qxe3 Qxd3 22. Qxb6 Ba8 23. Qc5 Qe2 24. Qc4+ Qxc4 25. Nxc4 Rb8 26. b4 e4 27.
Rac1 Ne7 28. Rd7 Kf7 29. Ne5+ Ke6 30. Rcc7 Rfe8 31. Ra7 f4 32. Ra6+ Kf5 33. Nf7
Bd5 34. Rxd5+ Nxd5 35. Nd6+ Kg5 36. Nxe8 Rxe8 37. Rd6 Nf6 38. Bxf6+ gxf6 39.
Kf1 Ra8 40. Rd5+ f5 41. Ra5 Rc8 42. Rc5 Ra8 43. Rc3 Kf6 44. Ke2 Ke5 45. f3 Kd4
46. Rc7 Rxa3 47. fxe4 fxe4 48. Rxh7 Ra2+ 49. Kf1 Ke3 50. Rh3+ Kd2 51. Rh8 Ra1+
52. Kf2 e3+ 53. Kf3 Rf1+ 54. Ke4 e2 55. Rd8+ Kc2 0-1

[Event "Bad Woerishofen op"]
[Site "?"]
[Date "2000.??.??"]
[Round "5"]
[White "Schmidt, Thomas"]
[Black "Woelk, Peter"]
[Result "0-1"]
[WhiteElo "1715"]
[BlackElo "1549"]
[PlyCount "100"]
[EventDate "2000.??.??"]

1. d4 Nf6 2. Nf3 g6 3. Nc3 d5 4. Bf4 Bg7 5. e3 O-O 6. Be2 Nbd7 7. h4 c6 8. Ne5
Nxe5 9. Bxe5 Qa5 10. f3 b5 11. a3 a6 12. b4 Qd8 13. Bd3 Bd7 14. Ne2 a5 15. c3
Ra7 16. Ng3 Qa8 17. O-O axb4 18. axb4 Ra3 19. Qc1 Ra6 20. Qb2 Qa7 21. Rxa6 Qxa6
22. Ra1 Qc8 23. Ra7 Ne8 24. Bf4 Nd6 25. Qa1 f6 26. Bxd6 exd6 27. e4 f5 28. Qa5
fxe4 29. fxe4 Bg4 30. Rc7 Qd8 31. Qa7 Qf6 32. exd5 Bh6 33. Rxh7 Qxh4 34. Rxh6
Qxh6 35. Qe7 Qf4 36. Bxg6 Qc1+ 37. Kh2 Qh6+ 38. Bh5 Bxh5 39. Qh4 Rf4 40. Qh3
Qg5 41. Qe6+ Bf7 42. Qc8+ Kg7 43. dxc6 Rh4+ 44. Qh3 Rxh3+ 45. gxh3 Qd2+ 46. Kg1
Bd5 47. Nf5+ Kf6 48. Nh4 Qg5+ 49. Kf1 Qxh4 50. c7 Be6 0-1

[Event "Bad Woerishofen op"]
[Site "?"]
[Date "2000.??.??"]
[Round "7"]
[White "Schmidt, Thomas"]
[Black "Lang, Ludwig"]
[Result "1-0"]
[WhiteElo "1715"]
[BlackElo "1119"]
[PlyCount "87"]
[EventDate "2000.??.??"]

1. d4 Nf6 2. Nf3 d5 3. e3 Bd7 4. Bd3 e6 5. O-O Be7 6. Nbd2 O-O 7. Ne5 Be8 8. f4
Nc6 9. c3 Nxe5 10. fxe5 Nd7 11. Qh5 h6 12. Qh3 c5 13. Rf3 c4 14. Bc2 f5 15.
exf6 Rxf6 16. Rxf6 Nxf6 17. Qxe6+ Bf7 18. Qf5 Qd7 19. Qxd7 Nxd7 20. e4 dxe4 21.
Bxe4 Rb8 22. Nf3 b5 23. Bf4 Rb6 24. a3 Nf8 25. Re1 Bd6 26. Bxd6 Rxd6 27. Bc2
Re6 28. Re5 a6 29. Rxe6 Bxe6 30. Ne5 Bf7 31. Be4 Be8 32. Kf2 g5 33. Ke3 Kg7 34.
d5 Kf6 35. Ng4+ Kg7 36. Kd4 Nd7 37. Bf5 h5 38. Bxd7 Bxd7 39. Ne5 Be8 40. Kc5
Kf6 41. Kd6 Bg6 42. Nxg6 Kxg6 43. Ke7 Kf5 44. d6 1-0

[Event "Bad Woerishofen op"]
[Site "?"]
[Date "2000.??.??"]
[Round "9"]
[White "Schmidt, Thomas"]
[Black "Wiesbeck, Florian"]
[Result "1-0"]
[WhiteElo "1715"]
[BlackElo "1758"]
[PlyCount "113"]
[EventDate "2000.??.??"]

1. d4 d5 2. Nf3 e6 3. e3 Nf6 4. Bd3 Bd6 5. b3 Nbd7 6. Bb2 O-O 7. O-O Re8 8. Ne5
c6 9. Nd2 Qc7 10. f4 Nf8 11. Qf3 Ng6 12. Qh3 Nf8 13. g4 g6 14. Ndf3 Ne4 15. g5
f5 16. gxf6 Nxf6 17. Rf2 Re7 18. Kh1 Ne8 19. Rg1 Ng7 20. Rfg2 Nf5 21. Bxf5 exf5
22. Qg3 Ne6 23. Ng5 Nxg5 24. Qxg5 Rg7 25. h4 Be6 26. h5 Bxe5 27. fxe5 Re8 28.
Ba3 Kh8 29. Qh6 g5 30. Rxg5 Rxg5 31. Rxg5 Qf7 32. Rg6 Bc8 33. Rf6 Qg7 34. Qxg7+
Kxg7 35. h6+ Kg8 36. Kg2 Bd7 37. Kg3 Be6 38. Kf2 Bc8 39. Ke2 Be6 40. Kd2 Bc8
41. c4 Be6 42. Kc3 a5 43. Bd6 Bc8 44. c5 Bd7 45. a4 Bc8 46. b4 axb4+ 47. Kxb4
Bd7 48. Ka5 Be6 49. Kb6 Bc8 50. a5 Kh8 51. Rf8+ Rxf8 52. Bxf8 Kg8 53. Kc7 f4
54. exf4 Bf5 55. Bg7 Bd3 56. Kxb7 Bb5 57. a6 1-0

[Event "Bad Woerishofen op"]
[Site "Bad Woerishofen"]
[Date "2000.??.??"]
[Round "1"]
[White "Schmidt, Volker"]
[Black "Vatter, Hans-Joachim"]
[Result "0-1"]
[WhiteElo "2007"]
[BlackElo "2362"]
[PlyCount "44"]
[EventDate "1998.03.05"]
[Source "ChessBase"]
[SourceDate "1998.04.29"]

1. Nf3 Nf6 2. d4 e6 3. g3 c5 4. Bg2 Be7 5. O-O O-O 6. c4 Qc7 7. d5 exd5 8. cxd5
a6 9. a4 d6 10. Nc3 Nbd7 11. e4 Re8 12. b3 Rb8 13. Qd3 Bf8 14. Bf4 Nh5 15. Be3
g6 16. Qd2 b5 17. Nh4 Ndf6 18. axb5 axb5 19. b4 cxb4 20. Nxb5 Rxb5 21. Rac1 Qe7
22. f3 Rb7 0-1

[Event "Bad Woerishofen op"]
[Site "?"]
[Date "2000.??.??"]
[Round "3"]
[White "Schmidt, Volker"]
[Black "Mueller, Thorsten"]
[Result "0-1"]
[WhiteElo "2001"]
[BlackElo "2193"]
[PlyCount "126"]
[EventDate "2000.??.??"]

1. Nf3 e6 2. g3 f5 3. d4 Nf6 4. Bg2 Be7 5. O-O O-O 6. c4 d6 7. Nc3 Nbd7 8. Qb3
a5 9. a4 h6 10. Re1 e5 11. e3 Nh7 12. Nd5 e4 13. c5 Kh8 14. cxd6 cxd6 15. Nxe7
Qxe7 16. Nh4 Qf6 17. Bh3 Nb8 18. Bd2 Nc6 19. Rac1 g5 20. Rxc6 bxc6 21. d5 Qf7
22. Bc3+ Kg8 23. Kh1 c5 24. Rg1 Nf6 25. Nxf5 Qh5 26. Ne7+ Kh7 27. Bxc8 Raxc8
28. Nxc8 Ng4 29. Rg2 Nxe3 30. Nxd6 Kg8 31. Nxe4 c4 32. Nf6+ Rxf6 33. g4 Qe8 34.
Qb5 Qe4 35. Qb8+ Rf8 36. Qg3 Nxg2 37. Qxg2 Qb1+ 38. Qg1 Qc2 39. Qe1 Qxf2 40.
Qxf2 Rxf2 41. d6 Rf1+ 42. Kg2 Rd1 43. Bxa5 Rxd6 44. Bc3 Kf7 45. h4 Ke6 46. h5
Kd5 47. Kf3 Ra6 48. a5 Re6 49. Bg7 Kc6 50. Bc3 Kb5 51. Kf2 Ka4 52. Kf3 Kb3 53.
Kf2 Kc2 54. Kf3 Kd3 55. Bg7 Ra6 56. Bc3 Ra7 57. Kg3 Ke4 58. Bd2 Rd7 59. Bc3
Rd3+ 60. Kg2 Kf4 61. Bg7 Kxg4 62. Bxh6 Rd2+ 63. Kf1 Rxb2 0-1

[Event "Bad Woerishofen op"]
[Site "?"]
[Date "2000.??.??"]
[Round "5"]
[White "Schmidt, Volker"]
[Black "Kroencke, Manfred"]
[Result "1/2-1/2"]
[WhiteElo "2001"]
[BlackElo "2175"]
[PlyCount "72"]
[EventDate "2000.??.??"]

1. d4 d5 2. Nf3 Nf6 3. g3 e6 4. Bg2 Be7 5. O-O O-O 6. Re1 b6 7. c4 c6 8. cxd5
cxd5 9. Nc3 Bb7 10. Bg5 Nbd7 11. Rc1 Rc8 12. Qd3 Ne4 13. Bxe7 Qxe7 14. Nd2 Nxc3
15. Rxc3 Rxc3 16. Qxc3 Rc8 17. Qb3 Nf6 18. Nb1 Ne4 19. f3 Nd6 20. e4 Qc7 21.
Nc3 dxe4 22. fxe4 e5 23. Nd5 Bxd5 24. Qxd5 exd4 25. e5 Ne8 26. e6 Nf6 27. exf7+
Qxf7 28. Qxd4 Qc7 29. Bd5+ Kf8 30. b4 Rd8 31. Re5 Qd7 32. Qf4 Qb5 33. Bb3 Qd3
34. Rf5 Qd4+ 35. Kg2 Qxf4 36. Rxf4 Ke7 1/2-1/2

[Event "Bad Woerishofen op"]
[Site "?"]
[Date "2000.??.??"]
[Round "7"]
[White "Schmidt, Volker"]
[Black "Meyer, Thomas"]
[Result "1-0"]
[WhiteElo "2001"]
[BlackElo "1744"]
[PlyCount "105"]
[EventDate "2000.??.??"]

1. d4 d5 2. Nf3 Nc6 3. g3 Bf5 4. a3 e6 5. Bg2 Bd6 6. c4 dxc4 7. Nc3 Bg4 8. e4
e5 9. d5 Nd4 10. Qa4+ b5 11. Nxb5 Nxf3+ 12. Bxf3 Bxf3 13. Nd4+ Qd7 14. Qxd7+
Kxd7 15. Nxf3 Nf6 16. Nd2 c6 17. dxc6+ Kxc6 18. Nxc4 Nxe4 19. O-O f6 20. Be3
Bc5 21. Rac1 Bxe3 22. Nxe3+ Kb7 23. Rc4 Nd2 24. Rb4+ Ka6 25. Rd1 Nf3+ 26. Kg2
Nd4 27. f4 Rab8 28. fxe5 Rxb4 29. axb4 fxe5 30. Nc4 Nc6 31. Rd6 Kb5 32. Na3+
Kxb4 33. Rxc6 Rd8 34. Rc2 e4 35. Re2 e3 36. Nc2+ Kb3 37. Nxe3 a5 38. h4 a4 39.
g4 Rc8 40. h5 Rc1 41. Rd2 Rb1 42. Nd1 Rc1 43. Kf3 Rc5 44. Rd3+ Kb4 45. Nc3 Rc4
46. Nxa4 Kb5 47. b3 Rb4 48. Nc3+ Kc6 49. Ne4 Kc7 50. Ng5 g6 51. Nxh7 gxh5 52.
gxh5 Rb6 53. Kg4 1-0